| 000 -LEADER |
| fixed length control field |
02056cam a2200385 a 4500 |
| 001 - CONTROL NUMBER |
| control field |
14993256 |
| 003 - CONTROL NUMBER IDENTIFIER |
| control field |
NUST |
| 005 - DATE AND TIME OF LATEST TRANSACTION |
| control field |
20190529122544.0 |
| 008 - FIXED-LENGTH DATA ELEMENTS--GENERAL INFORMATION |
| fixed length control field |
070904s2008 maua b 001 0 eng |
| 010 ## - LIBRARY OF CONGRESS CONTROL NUMBER |
| LC control number |
2007036566 |
| 020 ## - INTERNATIONAL STANDARD BOOK NUMBER |
| International Standard Book Number |
9781422102510 |
| 020 ## - INTERNATIONAL STANDARD BOOK NUMBER |
| International Standard Book Number |
1422102513 |
| 035 ## - SYSTEM CONTROL NUMBER |
| System control number |
(OCoLC)ocn168723538 |
| 035 ## - SYSTEM CONTROL NUMBER |
| System control number |
(OCoLC)168723538 |
| 038 ## - RECORD CONTENT LICENSOR |
| Staff Name |
AZHAR |
| 040 ## - CATALOGING SOURCE |
| Original cataloging agency |
DLC |
| Transcribing agency |
DLC |
| Modifying agency |
BTCTA |
| -- |
BAKER |
| -- |
YDXCP |
| -- |
C#P |
| -- |
BWX |
| -- |
DLC |
| 050 00 - LIBRARY OF CONGRESS CALL NUMBER |
| Classification number |
HD58.9 |
| Item number |
.S556 2008 |
| 082 00 - DEWEY DECIMAL CLASSIFICATION NUMBER |
| Classification number |
658.4/063 |
| Edition number |
22 |
| 100 1# - MAIN ENTRY--PERSONAL NAME |
| Personal name |
Skarzynski, Peter. |
| 9 (RLIN) |
14624 |
| 245 10 - TITLE STATEMENT |
| Title |
Innovation to the core : |
| Remainder of title |
a blueprint for transforming the way your company innovates / |
| Statement of responsibility, etc. |
Peter Skarzynski, Rowan Gibson. |
| 260 ## - PUBLICATION, DISTRIBUTION, ETC. |
| Place of publication, distribution, etc. |
Boston, Mass. : |
| Name of publisher, distributor, etc. |
Harvard Business School Press, |
| Date of publication, distribution, etc. |
c2008. |
| 300 ## - PHYSICAL DESCRIPTION |
| Extent |
xix, 295 p. : |
| Other physical details |
ill. ; |
| Dimensions |
25 cm. |
| 504 ## - BIBLIOGRAPHY, ETC. NOTE |
| Bibliography, etc. note |
Includes bibliographical references (p. 277-278) and index. |
| 505 0# - FORMATTED CONTENTS NOTE |
| Formatted contents note |
The new innovation challenge -- Creating the preconditions for innovation -- Building a foundation of novel strategic insights -- Producing a torrent of new opportunities -- Innovating across the business model -- Asking the right questions at the right time -- Constructing an innovation architecture -- Managing and multiplying resources -- Pacing and derisking innovation investments -- Dynamically balancing supply and demand -- Building a systemic innovation capability -- Making innovation sustainable. |
| 650 #0 - SUBJECT ADDED ENTRY--TOPICAL TERM |
| Topical term or geographic name entry element |
Organizational effectiveness. |
| 9 (RLIN) |
4213 |
| 650 #0 - SUBJECT ADDED ENTRY--TOPICAL TERM |
| Topical term or geographic name entry element |
Organizational change. |
| 9 (RLIN) |
4326 |
| 650 #0 - SUBJECT ADDED ENTRY--TOPICAL TERM |
| Topical term or geographic name entry element |
Leadership. |
| 9 (RLIN) |
300 |
| 700 1# - ADDED ENTRY--PERSONAL NAME |
| Personal name |
Gibson, Rowan. |
| 9 (RLIN) |
14625 |
| 856 41 - ELECTRONIC LOCATION AND ACCESS |
| Materials specified |
Table of contents only |
| Uniform Resource Identifier |
<a href="http://www.loc.gov/catdir/toc/ecip0726/2007036566.html">http://www.loc.gov/catdir/toc/ecip0726/2007036566.html</a> |
| 856 42 - ELECTRONIC LOCATION AND ACCESS |
| Materials specified |
Contributor biographical information |
| Uniform Resource Identifier |
<a href="http://www.loc.gov/catdir/enhancements/fy1312/2007036566-b.html">http://www.loc.gov/catdir/enhancements/fy1312/2007036566-b.html</a> |
| 856 42 - ELECTRONIC LOCATION AND ACCESS |
| Materials specified |
Publisher description |
| Uniform Resource Identifier |
<a href="http://www.loc.gov/catdir/enhancements/fy1312/2007036566-d.html">http://www.loc.gov/catdir/enhancements/fy1312/2007036566-d.html</a> |
| 906 ## - LOCAL DATA ELEMENT F, LDF (RLIN) |
| a |
7 |
| b |
cbc |
| c |
orignew |
| d |
1 |
| e |
ecip |
| f |
20 |
| g |
y-gencatlg |
| 942 ## - ADDED ENTRY ELEMENTS (KOHA) |
| Source of classification or shelving scheme |
|
| Koha item type |
Book |